| 000 | 01427nam0a22003131 4500 | ||
|---|---|---|---|
| 001 | rc\3674323 | ||
| 005 | 20130115151231.5 | ||
| 021 |
_aRU _b[73-96649] |
||
| 035 | _a(NLR Aleph) 007843227 | ||
| 090 |
_a9818612 _c9818612 |
||
| 100 | _a20130115d1973 |||y0rusy50 ca | ||
| 101 | 0 | _arus | |
| 102 | _aRU | ||
| 105 | _ay z ||||| | ||
| 200 | 1 |
_aСоглашения о специализации и кооперации в производстве между странами - членами СЭВ _e(Основные элементы) _eОбзор _fМеждунар. центр. науч. и техн. информации |
|
| 210 |
_aМосква _cБ. и. _d1973 |
||
| 215 |
_a35 с. _d21 |
||
| 300 | _aНа обл. авт. не указаны | ||
| 320 | _aСписок лит.: с. 33 (14 назв.) | ||
| 606 |
_aЭкономическое сотрудничество социалистических стран _2psbo |
||
| 606 |
_aПромышленность _yСоциалистические страны _xСпециализация и кооперирование _2psbo |
||
| 606 |
_aИнтеграция экономическая социалистических стран _2psbo |
||
| 700 | 1 |
_aКормнов _bЮ. Ф. _gЮрий Филиппович |
|
| 701 | 1 |
_aЛезник _bА. Д. |
|
| 801 | 0 |
_aRU _bNLR _gpsbo |
|
| 801 | 1 |
_aRU _bELAR _2rusmarc |
|
| 852 |
_aNLR _j73-6/11798 |
||
| 942 | _cBOOK | ||
| 980 | _aNB | ||